Normal view
MARC view
Entry Personal Name
001 - CONTROL NUMBER
- control field: 30091
003 - CONTROL NUMBER IDENTIFIER
- control field: OSt
005 - DATE AND TIME OF LATEST TRANSACTION
- control field: 20260618115943.0
008 - FIXED-LENGTH DATA ELEMENTS
- fixed length control field: 260618|| aca||aabn | a|a d
040 ## - CATALOGING SOURCE
- Original cataloging agency: OSt
- Transcribing agency: OSt
100 ## - HEADING--PERSONAL NAME
- Personal name: Dave Kemper
670 ## - SOURCE DATA FOUND
- Source citation: Work cat.: (OSt)24732: Sebranek, Patrick 30087, Writers Inc Sourcebook: student writing Guidelines, Models, and Workshops, 1995
